[Кн. 2] : Алкилирование; Избранные труды

ग्रंथसूची विवरण
Parent link:Избранные труды: в 3 кн./ А. В. Топчиев; Академия наук СССР (АН СССР). [Кн. 2] : Алкилирование.— , 1965-1966
भाषा:रूसी
प्रकाशित: 1965
विषय:
स्वरूप: पुस्तक
KOHA link:https://koha.lib.tpu.ru/cgi-bin/koha/opac-detail.pl?biblionumber=192173

MARC

LEADER 00000nam2a2200000 4500
001 192173
005 20231101224412.0
035 |a (RuTPU)RU\TPU\book\209555 
090 |a 192173 
100 |a 20110219d1965 k y0rusy50 ca 
101 0 |a rus 
102 |a RU 
105 |a a z 001zy 
200 0 |a [Кн. 2] : Алкилирование 
210 |d 1965 
215 |a 557 с.  |c черт. 
320 |a Библиогр. в конце гл. 
461 1 |0 (RuTPU)RU\TPU\book\209531  |t Избранные труды  |o в 3 кн.  |f А. В. Топчиев  |g Академия наук СССР (АН СССР)  |v [Кн. 2] : Алкилирование  |d 1965-1966 
606 1 |a Химическая технология  |x Специальные процессы органической химии  |2 stltpush  |3 (RuTPU)RU\TPU\subj\75690  |9 87351 
610 1 |a алкилирование 
610 1 |a катализаторы 
610 1 |a органические реакции 
610 1 |a органические соединения 
610 1 |a олефины 
675 |a 66.095  |v 3 
801 1 |a RU  |b 63413507  |c 20110219 
801 2 |a RU  |b 63413507  |c 20161020  |g RCR 
942 |c BK